Normal view
MARC view
- NADEEM ,AROOSA YOUNIS
Entry Personal Name
001 - CONTROL NUMBER
- control field: 122414
003 - CONTROL NUMBER IDENTIFIER
- control field: NUST
005 - DATE AND TIME OF LATEST TRANSACTION
- control field: 20240422152956.0
008 - FIXED-LENGTH DATA ELEMENTS
- fixed length control field: 240422|| aca||aabn | a|a d
040 ## - CATALOGING SOURCE
- Original cataloging agency: NUST
- Transcribing agency: NUST
100 ## - HEADING--PERSONAL NAME
- Personal name: NADEEM ,AROOSA YOUNIS
670 ## - SOURCE DATA FOUND
- Source citation: Work cat.: (NUST): NADEEM ,AROOSA YOUNIS, Fabrication and Characterization of Carbon Coating on Biomedical Implant /
